Films les plus vus de l'histoire - Statistiques

Statistiques générales
  • Ce quiz a été pris 121 fois
  • Le résultat moyen est 7 sur 15
Statistiques - réponses
Rang Indice Titre Année Recettes (en $) % Correct
1 James Cameron Avatar 2009 2 924 710 708
86%
4 James Cameron Titanic 1997 2 264 812 968
86%
13 MARVEL Avengers 2012 1 520 538 536
76%
8 MARVEL Spider-Man: No Way Home 2021 1 921 426 073
62%
3 James Cameron Avatar: La voie de l'eau 2022 2 335 484 620
61%
2 MARVEL Avengers: Endgame 2019 2 799 439 100
55%
11 Saga de sept films sur les dinosaures Jurassic World 2015 1 671 537 444
49%
14 Saga de courses de voitures (lequel?) Fast and Furious 7 2015 1 515 342 457
43%
7 MARVEL Avengers: Infinity War 2018 2 052 415 039
40%
6 George Lucas Star Wars, épisode VII : Le Réveil de la Force 2015 2 071 310 218
34%
15 Tom Cruise dans un avion Top Gun: Maverick 2022 1 495 696 292
34%
12 Disney Le Roi lion 2019 1 662 020 819
31%
9 Disney Zootopie 2 2025 1 866 647 950
24%
10 Disney Vice-versa 2 2024 1 699 863 816
18%
5 Film d'animation chinois Ne Zha 2 2025 2 260 176 370
6%
Aucun quiz correspondant
Distribution des résultats
% des personnes avec chaque résultat
Percentile par nombre de réponses
Votre historique - résultats
Vous n’avez pas pris ce quiz